Obras poéticas completas

Saved in:
Bibliografiske detaljer
Hovedforfatter: Darío, Rubén (Author)
Format: Bog
Sprog:spansk
Udgivet: Buenos Aires El Ateneo 1953
Udgivelse:1a. ed
Fag:
Tags: Tilføj Tag
Ingen Tags, Vær først til at tagge denne postø!

MARC

LEADER 00000cam a2200000 a 4500
001 UCE1393
003 CL-VaPUC
008 140414e19530000ag |||||||||||||||||spa|d
082 0 4 |a Ni861  |b DAR  |2 21 
100 0 |a Darío, Rubén  |e author  |9 268402 
245 1 0 |a Obras poéticas completas 
250 |a 1a. ed 
300 |a 1048 p 
942 |c BK 
945 |d 20140414  |a dcastane 
260 |a Buenos Aires  |b El Ateneo  |c 1953 
650 7 |a POESIAS NICARAGUENSES  |2 CL-VaPUC  |9 266965 
650 7 |a LITERATURA NICARAGUENSE  |2 CL-VaPUC  |9 325734 
583 |a last modification  |c 20140423 02:57:46  |k Rodrigo Vera 
999 |c 355181  |d 355179 
952 |0 0  |1 0  |3 erb  |4 0  |6 NI_861_000000000000000_DAR_1953  |7 0  |8 A  |9 461730  |a BIBART  |b BIBART  |i 5043352  |o Ni861 DAR 1953  |p 5043352  |r 2025-03-13  |w 2019-11-23  |y BK  |z Catalogado en:20140414  |k ART